El naufragio del naturalista belga

Gespeichert in:
Bibliographische Detailangaben
1. Verfasser: Fernández Correa, Jorge (VerfasserIn)
Format: Buch
Sprache:Spanisch
Veröffentlicht: Santiago Ril Editores 2009
Schlagworte:
Tags: Tag hinzufügen
Keine Tags, Fügen Sie den ersten Tag hinzu!

MARC

LEADER 00000cam a2200000 a 4500
001 UCF7014
003 CL-VaPUC
008 130606e20090700CL |||||||||||||||||spa|d
020 |a 9789562846806 
082 0 4 |a Ch863  |b FER  |2 21 
100 0 |a Fernández Correa, Jorge  |e author  |9 568990 
245 1 3 |a El naufragio del naturalista belga 
300 |a 252 p 
942 |c BK 
945 |d 20130606 00:00:00  |a dcastane 
260 |a Santiago  |b Ril Editores  |c 2009 
650 0 |a Novelas chilenas   |9 265425 
650 0 |a Literatura chilena   |9 308278 
583 |a last modification  |c 20130606 11:56:00  |k Rodrigo Vera 
999 |c 351981  |d 351979 
952 |0 0  |1 0  |4 0  |6 CH_863_000000000000000_FER_2009  |7 0  |8 X  |9 456456  |a FDOBUD  |b FDOBUD  |d 2019-11-22  |i 4881036  |o Ch863 FER 2009  |p 4881036  |r 2019-11-22  |w 2019-11-22  |y BK_X  |k BUD